| 000 | 00559nam a2200193Ia 4500 | ||
|---|---|---|---|
| 003 | GCL | ||
| 008 | 140319s9999 xx 000 0 ara d | ||
| 040 |
_aGCL / _cGCL |
||
| 082 | 0 | 4 |
_a111.85 _bم ف |
| 100 | 1 | _aمحمد زكى العشماوى | |
| 245 | 1 | 0 |
_aفلسفة الجمال فى الفكر المعاصر / _cمحمد زكى العشماوى |
| 300 | _a269 ص | ||
| 490 | _a | ||
| 650 | 0 | 4 | _aالوجودية |
| 650 | 0 | 4 | _aسارتر، جان بول |
| 650 | 0 | 4 | _aالفن - الفلسفة |
| 650 | 0 | 4 | _aالجمال - علم |
| 942 |
_2ddc _cBK |
||
| 999 |
_c45221 _d45221 |
||